Ingeniería de control analógica y digital

Bibliographic Details
Main Author: Navarro Viadana, Rina
Format: Section = Libro
Language:Undetermined
Spanish
Published: México McGraw-Hill 2004
Subjects:
LEADER 00734nam a2200253Ia 4500
008 240830s9999 xx 000 0 und d
020 |a 970-10-4677-3 
040 |a CEDOC FIQ-RUSB / 629.8 N322 
041 |a spa 
082 |a 629.8 N322 
100 1 |a Navarro Viadana, Rina 
245 1 0 |a Ingeniería de control analógica y digital 
260 |a México  |b McGraw-Hill  |c 2004 
300 |a 280 p. :il 
650 7 |a INGENIERIA DE CONTROL 
650 7 |b  SISTEMAS DE TIEMPO CONTINUO 
650 7 |c  ANALISIS DE SISTEMAS - TIEMPOS CONTINUO 
650 7 |d  FILTROS DE COMPENSACION 
650 7 |e  SISTEMAS DE CONTROL 
650 7 |f  SISTEMAS EN TIEMPOS DISCRETOS 
650 7 |g  OPTIMIZACION 
942 |c BK  |2 ddc 
991 |a TEXTO 
999 |c 13469